000 00895cam a22002773a 4500
001 34300
003 PGUSA
005 20140828083735.0
008 101112s2010||||xxu|||||s|||||000 | eng d
040 _aPGUSA
_beng
042 _adc
050 4 _aND
100 1 _aFreud, Sigmund,
_d1856-1939
245 1 0 _aLeonardo da Vinci :
_bA Psychosexual Study of an Infantile Reminiscence
_h[electronic resource] /
_cSigmund Freud
260 _bProject Gutenberg,
_c2010
506 _aPublic domain in the USA.
516 _aElectronic text
653 _aPsychoanalysis -- Case studies
653 _aLeonardo, da Vinci, 1452-1519
653 _aPainters -- Italy -- Biography
653 _aFreud, Sigmund, 1856-1939 -- Views on art
700 1 _aBrill, A. A.
_q(Abraham Arden),
_d1874-1948
830 0 _aProject Gutenberg
_v34300
856 4 0 _uhttp://www.gutenberg.org/ebooks/34300
942 _cEB
999 _c263555
_d263555